1783 1476 1758 1500 1489 1998 1370 1144 1675 1806 1784 1729 1256 1251 1897 1144 1625 1650 1043 1370 1154 1541 1903 1131 1136 1756 1058 1350 1727 1975 1513 1303 1738 1521 1102 1314 1258 1782 1541 1739 1851 1596 1979 1224 1548 1328 1316 1199 1585 1836 1611 1946 1004 1030 1641 1223 1263 1400 1766 1947 1823 1374 1908 1193 1294 1180 1178 1775 1853 1729 1575 1985 1771 1080 1009 1850 1302 1972 1798 1702 1194 1997 1007 1555 1577 1354 1235 1991 1724 1542 1097 1566 1615 1608 1703 1504 1191 1268 1273 BCNSPRNW ULIB Ver.6.0+V

เปลี่ยนเป็นภาษาไทย

Change to English
 แสดงรายละเอียดบรรณานุกรม
  กลับหน้าหลัก

Brief Record : Get Marc (ISO 2709) : E-mail record : QR code < ปิดหน้าต่าง
LEADER : 00000nam 2200000uu 4500
001    13399127785
003     ULIB
008    210824s2563||||th 000 0 tha d
020    ^a9789740339571
060  0 ^aWY152^bศ465ก
100 0  ^aศิริพันธุ์ สาสัตย์
245 00 ^aการพยาบาลผู้สูงอายุ:^bปัญหาที่พบบ่อยและแนวทางในการดูแล/^cศิริพันธุ์ สาสัตย์
246 00 ^aGerontological nursing common problems and caring guideline
250    ^aพิมพ์ครั้งที่ 4 (ฉบับปรับปรุง)
260    ^aกรุงเทพฯ:^bสำนักพิมพ์แห่งจุฬาลงกรณ์มหาวิทยาลัย,^c2563
300    ^a318 หน้า
650  0 ^aการพยาบาลผู้สูงอายุ
650  0 ^aผู้สูงอายุ- -การดูแล
856    ^a^zสารบัญ^uhttps://drive.google.com/file/d/1aT1AZNWrWlKyVfQONO1S7Fwfuxs2IzVf/view?usp=sharing
945    ^p320^l0^i008177
945    ^p320^l0^i008178
945    ^p320^l0^i008179
945    ^p320^l0^i009837
945    ^p320^l0^i009838
945    ^p320^l0^i009839
945    ^p320^l0^i009840
945    ^p320^l0^i009841
945    ^p320^l0^i009842
945    ^p320^l0^i009843
999    ^aประนอม เกษจรัล
รายการนี้ยังไม่มีแท็ก
คุณยังไม่ได้ล็อกอิน คุณสามารถมีกิจกรรมร่วมกับเว็บไซต์ได้ แต่ต้องล็อกอินก่อน ::
  ล็อกอิน

รายการสื่อสารสนเทศ

ลำดับที่ ประเภท เลขเรียก/บาร์โค้ด สถานที่ สถานะ
1. Book การพยาบาล
หนังสือสำรอง
สถานะ=หนังสือสำรอง
WY152 ศ465ก ฉ.1 
  Barcode: 008177
ห้องสมุดวิทยาเขตสวรรค์ประชารักษ์
►หนังสือทั่วไป
บนชั้น
2. Book การพยาบาล
Book การพยาบาล
WY152 ศ465ก ฉ.10 
  Barcode: 009843
ห้องสมุดวิทยาเขตสวรรค์ประชารักษ์
►หนังสือทั่วไป
ถูกยืม กำหนดส่งวันที่ 1 มีนาคม 2569
  จอง
3. Book การพยาบาล
Book การพยาบาล
WY152 ศ465ก ฉ.2 
  Barcode: 008178
ห้องสมุดวิทยาเขตสวรรค์ประชารักษ์
►หนังสือทั่วไป
ถูกยืม กำหนดส่งวันที่ 13 สิงหาคม 2569
  จอง
4. Book การพยาบาล
Book การพยาบาล
WY152 ศ465ก ฉ.3 
  Barcode: 008179
ห้องสมุดวิทยาเขตสวรรค์ประชารักษ์
►หนังสือทั่วไป
บนชั้น
5. Book การพยาบาล
Book การพยาบาล
WY152 ศ465ก ฉ.4 
  Barcode: 009837
ห้องสมุดวิทยาเขตสวรรค์ประชารักษ์
►หนังสือทั่วไป
บนชั้น
6. Book การพยาบาล
Book การพยาบาล
WY152 ศ465ก ฉ.5 
  Barcode: 009838
ห้องสมุดวิทยาเขตสวรรค์ประชารักษ์
►หนังสือทั่วไป
บนชั้น
7. Book การพยาบาล
Book การพยาบาล
WY152 ศ465ก ฉ.6 
  Barcode: 009839
ห้องสมุดวิทยาเขตสวรรค์ประชารักษ์
►หนังสือทั่วไป
บนชั้น
8. Book การพยาบาล
Book การพยาบาล
WY152 ศ465ก ฉ.7 
  Barcode: 009840
ห้องสมุดวิทยาเขตสวรรค์ประชารักษ์
►หนังสือทั่วไป
บนชั้น
9. Book การพยาบาล
Book การพยาบาล
WY152 ศ465ก ฉ.8 
  Barcode: 009841
ห้องสมุดวิทยาเขตสวรรค์ประชารักษ์
►หนังสือทั่วไป
บนชั้น
10. Book การพยาบาล
Book การพยาบาล
WY152 ศ465ก ฉ.9 
  Barcode: 009842
ห้องสมุดวิทยาเขตสวรรค์ประชารักษ์
►หนังสือทั่วไป
บนชั้น

รายการใกล้เคียง
    ผู้แต่ง [ศิริพันธุ์ สาสัตย์]

    หัวเรื่อง [การพยาบาลผู้สูงอายุ]
    หัวเรื่อง [ผู้สูงอายุ- -การดูแล]

BibComment


ยังไม่เคยถูกคอมเมนท์

คอมเมนท์ทรัพยากรรายการนี้
  คอมเมนท์: การพยาบาลผู้สูงอ..


 Copyright 2026. Bcnsprnw @Library